000 00924nam a2200205Ia 4500
999 _c39191
_d39191
001 5776
003 GE_BSU
005 20190426003816.0
008 181216s1971||||ge |||||||||||||| ||geo||
040 _cGE_BSU
041 _ageo
080 _a624.012.4 ნ-67
100 _aნინუა, ნ.
_9402
245 _aრკინაბეტონის კონსტრუქციების მოკლე კურსი ნაწ.II :
_bლექციების კონსპექტი /
_cნ. ნინუა ; რედ. ე. კირვალიძე.
264 _aთბილისი :
_bსპი ,
_c1971.
300 _a234 გვ. :
_bნახაზები, დანართები ;
_c20 სმ.
653 _aრკინაბეტონის კონსტრუქციები.
700 _aკირვალიძე, ე.
_eრადაქტორი
_9492
942 _cBK
_2udc